| 000 | 00546nam a2200181Ia 4500 | ||
|---|---|---|---|
| 003 | GCL | ||
| 008 | 140319s9999 xx 000 0 ara d | ||
| 040 |
_aGCL / _cGCL |
||
| 082 | 0 | 4 |
_a787.1 _bا ا |
| 100 | 1 | _aاسماعيل زكى | |
| 245 | 1 | 0 |
_aالابداع العزفى سلالم واربيج / _cاسماعيل زكى |
| 260 |
_a[S.N] : _bدار الفكر العربى ، _c1984 |
||
| 490 | _a | ||
| 650 | 0 | 4 | _aالموسيقى |
| 650 | 0 | 4 | _aالالات الموسيقية |
| 650 | 0 | 4 | _aالسلم الموسيقى |
| 942 |
_2ddc _cBK |
||
| 999 |
_c35008 _d35008 |
||